Reichste Metropolen - Europa - Statistiken

Allgemein
  • Dieses Quiz wurde 191 mal gespielt
  • Das Durchschnittsergebnis liegt bei 12 aus 15
Antwortstatistiken
Hint Antwort % Korrekt
715.100.000.000 Paris / Frankreich
96%
835.700.000.000 London / Vereinigtes Königreich
95%
262.300.000.000 Madrid / Spanien
95%
163.200.000.000 Rom / Italien
91%
219.900.000.000 München / Deutschland
89%
553.300.000.000 Moskau / Russland
87%
171.000.000.000 Barcelona / Spanien
85%
312.100.000.000 Mailand / Italien
84%
161.400.000.000 Hamburg / Deutschland
79%
183.700.000.000 Wien / Österreich
79%
254.300.000.000 Brüssel / Belgien
67%
348.700.000.000 Istanbul / Türkei
63%
230.000.000.000 Frankfurt am Main / Deutschland
61%
485.200.000.000 Metropolregion Rhein-Ruhr / Deutschland
52%
320.600.000.000 Randstad / Niederlande
46%
Keine übereinstimmenden Quizze gefunden
Verteilung der Resultate
Anzahl Personen mit jedem Resultat
Perzentil nach korrekt beantworteten Fragen
Ihre Resultats-Entwicklung
Sie haben dieses Quiz noch nicht gespielt